Statistics for Countries recognized by Nauru

Click here to take the quiz!

General Stats

  • This quiz has been taken 21 times
  • The average score is 66 of 94

Answers on the Map

Answers color-coded by a green-red scale on the quiz's map according to % correct below.
 

Answer Stats

Country% Correct
Canada
94%
Finland
94%
Russia
94%
United Kingdom
94%
United States
94%
Australia
88%
Brazil
88%
France
88%
Mexico
88%
Norway
88%
Sweden
88%
Argentina
82%
Belarus
82%
Fiji
82%
Germany
82%
Indonesia
82%
Japan
82%
Poland
82%
Portugal
82%
South Africa
82%
South Korea
82%
Spain
82%
Taiwan
82%
Albania
76%
Austria
76%
Egypt
76%
Fed. States of Micronesia
76%
India
76%
Netherlands
76%
New Zealand
76%
North Korea
76%
Romania
76%
Serbia
76%
Tonga
76%
Tuvalu
76%
Vanuatu
76%
Armenia
71%
Belgium
71%
Chile
71%
Croatia
71%
Greece
71%
Hungary
71%
Israel
71%
Italy
71%
Luxembourg
71%
Malaysia
71%
Marshall Islands
71%
Montenegro
71%
Papua New Guinea
71%
Samoa
71%
Slovakia
71%
Slovenia
71%
Switzerland
71%
Thailand
71%
Uruguay
71%
Venezuela
71%
Vietnam
71%
Azerbaijan
65%
Bulgaria
65%
Cambodia
65%
Czech Republic
65%
Estonia
65%
Guatemala
65%
Kiribati
65%
Latvia
65%
Mongolia
65%
Morocco
65%
Nauru
65%
Nicaragua
65%
North Macedonia
65%
Peru
65%
Sri Lanka
65%
United Arab Emirates
65%
Vatican City
65%
Cuba
59%
Iceland
59%
Ireland
59%
Kuwait
59%
Lithuania
59%
Palau
59%
Singapore
59%
Solomon Islands
59%
Turkey
59%
Jamaica
53%
Kyrgyzstan
53%
Maldives
47%
Malta
47%
Philippines
47%
Tajikistan
47%
Cyprus
41%
Gambia
41%
Seychelles
41%
South Ossetia
41%
Abkhazia
29%

Score Distribution

Percentile by Number Answered

Percent of People with Each Score

Your Score History

You have not taken this quiz